Statistics for NBA Guess Who?

Click here to take the quiz!

General Stats

  • This quiz has been taken 33 times
  • The average score is 5 of 15

Answer Stats

HintAnswer% Correct
I once had 28 rebounds in an game without scoring a single pointDennis Rodman
86%
I was drafted 11th overall to the Clippers in 2018 and was traded away the next seasonShai Gilgeous-Alexander
64%
My real name is Temetrius, and I have been involved in controversy in recent yearsJa Morant
57%
I have the most points scored in a game by a foreign playerLuka Doncic
54%
I had the first triple double without including points, with 11 rebounds, 10 assists and 10 stealsDraymond Green
43%
My NBA2k rating was at 68 when I started my career in 2015, it reached 90 for the first time in 2019Nikola Jokic
43%
I was drafted by the Jazz, but traded to the Lakers, then was traded to the Pelicans, then traded to the Trailblazers, and finally traded to the Knicks, where I average the second most rebounds in all guards in the 2023-24 seasonJosh Hart
36%
The 2021 NBA finals were the first finals in 37 years without a teammate of which former player?Shaquille O'Neal
36%
I had the nickname 'Big Government' when I played for the ClippersReggie Jackson
29%
In the 2023-24 season, I averaged 11 PPG and 7.6 RPG on 72.5 FG%, the second highest FG% in the leagueDaniel Gafford
18%
I have been fined over $19,000,000 in my careerBen Simmons
11%
I am the only Austrian player in NBA historyJakob Poetl
11%
I was the first person with my name ever recordedJalen Rose
11%
In 2013, I had a game with 1 point, 1 rebound, 1 assist, 1 steal, 1 block, 1 turnover, and I also wore the number 1!CJ Watson
7%
I had a brief stint with the Washington Wizards after winning the MVP in the NBL 2022-23 seasonXavier Cooks
7%

Score Distribution

Percentile by Number Answered

Percent of People with Each Score

Your Score History

You have not taken this quiz